Memorias de la Real Academia de la Historia. (Record no. 170549)

MARC details
000 -LEADER
campo de control de longitud fija 01564nam a2200229 i 4500
001 - NÚMERO DE CONTROL
campo de control 170549
003 - IDENTIFICADOR DE NÚMERO DE CONTROL
campo de control ES-MaACL
005 - FECHA Y HORA DE LA ÚLTIMA TRANSACCIÓN
campo de control 20250718184454.0
008 - DATOS DE LONGITUD FIJA--INFORMACIÓN GENERAL
campo de control de longitud fija 090316s1885 sp |||| | spa d
080 ## - NÚMERO DE LA CLASIFICACIÓN DECIMAL UNIVERSAL
Número de la Clasificación Decimal Universal 94(460)
245 00 - MENCIÓN DEL TÍTULO
Título Memorias de la Real Academia de la Historia.
Número de parte o sección de la obra Tomo X.
260 ## - PUBLICACIÓN, DISTRIBUCIÓN, ETC.
Lugar de publicación, distribución, etc. Madrid :
Nombre del editor, distribuidor, etc. [s.n.],
Fecha de publicación, distribución, etc. 1885 (
Fabricante Imprenta y fundición de Manuel Tello)
300 ## - DESCRIPCIÓN FÍSICA
Extensión 722 p., [2] h. de lám. ;
Dimensiones 25 cm.
500 ## - NOTA GENERAL
Nota general Cada memoria con portada y pie de imprentra propio.
505 8# - NOTA DE CONTENIDO CON FORMATO
Nota de contenido con formato Contiene: Catálogo de los individuos de la Real Academia de la Historia en 1º de julio de 1885. Don Diego de Peñalosa y su descubrimiento del reino de Quivira : informe presentado... / por Cesáreo Fernández Duro. Colón y Pinzón : informe relativo a los pormenores de descubrimiento del nuevo mundo... / por Cesáreo Fernández Duro. Don Francisco Fernández de la Cueva, duque de Alburquerque : informe en desagravio de tan ilustre prócer.... / por Cesáreo Fernández Duro. Don Pedro Enríquez de Acevedo, conde de Fuentes : bosquejo encomiástico / leído... por Cesáreo Fernández Duro. Resumen de los acuerdos y tareas de la Real Academia de la Historia desde el 30 de abril de 1882 hasta igual día de 1884 / leido por... Pedro de Madrazo
610 24 - PUNTO DE ACCESO ADICIONAL DE MATERIA--NOMBRE DE ENTIDAD CORPORATIVA
Nombre de entidad corporativa o nombre de jurisdicción como elemento de entrada Real Academia de la Historia (España)-
Subdivisión de forma Memorias.
9 (RLIN) 152005
651 #4 - PUNTO DE ACCESO ADICIONAL DE MATERIA--NOMBRE GEOGRÁFICO
Nombre geográfico España-
Subdivisión general Historia.
9 (RLIN) 8209
700 1# - ENTRADA AGREGADA--NOMBRE PERSONAL
Nombre de persona Fernández Duro, Cesáreo,
Fechas asociadas al nombre 1830-1908
9 (RLIN) 49752
710 2# - ENTRADA AGREGADA--NOMBRE DE ENTIDAD CORPORATIVA
Nombre de entidad corporativa o nombre de jurisdicción como elemento de entrada Real Academia de la Historia (España)
9 (RLIN) 6309
852 ## - LOCALIZACIÓN
Ubicación ES-MaACL
Número de control de estantería R-2768
Holdings
Estatus retirado Estado de pérdida Estado de daño No para préstamo Colección Biblioteca de origen Biblioteca actual Ubicación en estantería Fecha de adquisición Fuente de adquisición Total de préstamos Signatura topográfica completa Código de barras Visto por última vez Precio de reemplazo Tipo de ítem Koha
        Libros del s. XIX Biblioteca del Ateneo de Madrid Biblioteca del Ateneo de Madrid Depósito 16/03/2009     R-2768 1178981 23/02/2023 23/02/2023 Libro impreso antiguo